| 000 | 00477nam a2200181Ia 4500 | ||
|---|---|---|---|
| 003 | GCL | ||
| 008 | 140319s9999 xx 000 0 eng d | ||
| 040 |
_aGCL / _cGCL |
||
| 082 | 0 | 4 |
_a746.92 _bB A |
| 100 | 1 | _aBATTERSELY, MARTIN | |
| 245 | 1 | 0 |
_aART DECO FASHION:FRENCH DESIGNERS 1908-1925 / _cBATTERSELY, MARTIN |
| 260 |
_a[S.N] : _bACADEMY EDITIONS ، _c1984 |
||
| 300 | _a112 | ||
| 650 | 0 | 4 | _aCOSTUMES |
| 650 | 0 | 4 | _aFASHION |
| 650 | 0 | 4 | _aART DECO FASHION |
| 942 |
_2ddc _cBK |
||
| 999 |
_c12224 _d12224 |
||